Cool careers without college for people who love to drive / (Record no. 110268)
[ view plain ]
| 000 -LEADER | |
|---|---|
| fixed length control field | 00807nam a2200217 a 4500 |
| 001 - CONTROL NUMBER | |
| control field | 4128 |
| 005 - DATE AND TIME OF LATEST TRANSACTION | |
| control field | 20140414131852.0 |
| 008 - FIXED-LENGTH DATA ELEMENTS--GENERAL INFORMATION | |
| fixed length control field | 090209s19uu xx 00 eng d |
| 020 ## - INTERNATIONAL STANDARD BOOK NUMBER | |
| International Standard Book Number | 0-8239-3786-0 |
| 050 ## - LIBRARY OF CONGRESS CALL NUMBER | |
| Classification number | M 629.28 |
| Item number | G82 2003 |
| 100 ## - MAIN ENTRY--PERSONAL NAME | |
| Personal name | Greenberger, Robert |
| 245 ## - TITLE STATEMENT | |
| Title | Cool careers without college for people who love to drive / |
| Statement of responsibility, etc | by Robert Greenberger. |
| 250 ## - EDITION STATEMENT | |
| Edition statement | 1st ed. |
| 260 ## - PUBLICATION, DISTRIBUTION, ETC. (IMPRINT) | |
| Place of publication, distribution, etc | New York : |
| Name of publisher, distributor, etc | The Rosen, |
| Date of publication, distribution, etc | c2003. |
| 300 ## - PHYSICAL DESCRIPTION | |
| Extent | 144 p. : col., ill. cm. |
| 440 ## - SERIES STATEMENT/ADDED ENTRY--TITLE | |
| Title | Cool careers without college |
| 500 ## - GENERAL NOTE | |
| General note | Includes bibliographical references and index. |
| 520 ## - SUMMARY, ETC. | |
| Summary, etc | Explores the job descriptions, education and training focus on driving and do not require a college education. |
| 650 ## - SUBJECT ADDED ENTRY--TOPICAL TERM | |
| Topical term or geographic name as entry element | Motor vehicle driving |
| General subdivision | Vocational guidance. |
| -- | Juvenile literature. |
| Withdrawn status | Lost status | Damaged status | Use restrictions | Home library | Current library | Shelving location | Date acquired | Source of acquisition | Total Checkouts | Full call number | Barcode | Date last seen | Price effective from | Koha item type |
|---|---|---|---|---|---|---|---|---|---|---|---|---|---|---|
| Munich Library | Munich Library | Main Section | 02/09/2009 | M 629.28 G82 2003 | M0609 | 04/14/2014 | 04/14/2014 | Books |